| 000 | 02047nam a2200445 a 4500 | ||
|---|---|---|---|
| 001 | 1907575 | ||
| 003 | BJBSDDR | ||
| 005 | 20260331183400.0 | ||
| 006 | a|||||r|||| 00| 0 | ||
| 007 | ta | ||
| 008 | 851113s1984 sp rb 000 0 spa | ||
| 010 | _a 84208219 | ||
| 020 | _a848600828X | ||
| 035 | _a1907575 | ||
| 040 |
_aDLC _cDLC _dDLC _bspa |
||
| 041 | _aspa | ||
| 043 | _aew----- | ||
| 050 | 0 | 0 |
_aJX1974.7 _b.L554p 1984 |
| 100 | 1 |
_aLemkow, Luis _947792 |
|
| 245 | 1 | 3 |
_aLa protesta antinuclear / _cLuis Lemkow. |
| 250 | _a1a ed. | ||
| 260 |
_aMadrid : _bEditorial Mezquita, _c1984. |
||
| 300 |
_a181 páginas ; _c19 cm. |
||
| 336 |
_atext _btxt _2rdacontent |
||
| 337 |
_aunmediated _bn _2rdamedia |
||
| 338 |
_avolume _bnc _2rdacarrier |
||
| 440 | 0 | _aSerie Ecología | |
| 500 | _aOn spine: 29. | ||
| 504 | _aBibliography: p. 179-181. | ||
| 505 | _aContenidos : ¿Qué es la energía nuclear? Los comienzos de la protesta antinuclear: la CND El ecologismo La oposición a la energía nuclear Los euro‑misiles y los movimientos por la paz (Posiblemente) Movimientos antinucleares internacionales / conclusiones A. Vocabulario básico sobre armas y estrategia nuclear B. Una zona libre de armas nucleares (zona sin armas nucleares) C. Modelo de acción para la desnuclearización de un municipio | ||
| 520 | _aEl libro analiza los movimientos sociales que surgieron en oposición a la energía y las armas nucleares. Examina cómo la protesta antinuclear se organiza, sus demandas principales, y su impacto político y social. Además, estudia la relación entre conciencia ecológica, movilización ciudadana y la presión sobre gobiernos y empresas para frenar riesgos nucleares. | ||
| 650 | 0 |
_aNuclear arms control _zEurope. |
|
| 650 | 0 |
_aAntinuclear movement _zEurope. |
|
| 650 | 0 | _aNuclear arms control. | |
| 650 | 0 | _aAntinuclear movement. | |
| 906 |
_a7 _bcbc _corignew _d4 _encip _f19 _gy-gencatlg |
||
| 942 |
_2lcc _n0 _cBK |
||
| 946 | _illh | ||
| 999 |
_c126734 _d126734 |
||